00696nam a2200229Ia 4500001000600000003000500006008004100011010001100052020001800063040000900081082001700090245008400107250001100191260005800202300001700260503001700277504002700294650005300321650003900374650002800413700002500441Z_209CHAP220113s9999 xx 000 0 und d a163182 a0-12-396304-4 cCHAP a636.0892 C55 aClinical biochemistry of domestic animals /ceditor Jiro J. Kaneko... [et. al] a4a ed. aEstados Unidos de América :bAcademic Press,c  axvii, 932 p. aej.1: 150582 aIncluye bibliografía aAnimales domésticosxAnatomía y fisiología aBioquímica Clínica Veterinaria aPatología veterinaria aKaneko, Jiro J., ed.